Word Ladder: Islands Quiz Stats

Quiz Updated Apr 16, 2015

Challenge
Share
Tweet
Embed
Score 0/46 Timer 06:00
0 Plays Today
Clue Answer % Correct
Shopping centreMALL
94.3%
Canine soundBARK
94.1%
IdenticalSAME
93%
____ Like It Hot, Marilyn Monroe filmSOME
92%
Young lions, wolves or even bearsCUBS
91.6%
☀Island synonymous with Fidel Castro☀CUBA
91.4%
Largest brass instrumentTUBA
90.9%
Comes after for-, name- and keep-SAKE
90.6%
Vertically well-endowedTALL
89.8%
Adjust an instrument's pitchTUNE
89.3%
____ Letterman, TV talk-show hostDAVE
88.6%
Native of DenmarkDANE
88.1%
Wisecrack or gagJOKE
87.9%
☀Small island located between Hawaii and Guam☀WAKE
87.6%
Male lion's tressesMANE
87.4%
Cylindrical conduit TUBE
87.2%
Disturbed from slumberWOKE
87%
Slang shorthand for favoriteFAVE
85.6%
Name often given to a town's principal streetMAIN
84.7%
Ears of cornCOBS
83.5%
Dylan, Hoskins and BarkerBOBS
82.8%
Beat or handle roughlyMAUL
82.4%
☀Second largest Hawaiian island☀MAUI
82%
Clue Answer % Correct
Snakes or feathery scarfsBOAS
81.8%
Hindu garmentSARI
81.2%
African country and location of TimbuktuMALI
79.7%
Strengthen or defineTONE
79%
☀Sao ____ & Principe, African island nation☀TOME
78.9%
iPhone's female confidantSIRI
78%
☀Renowned Indonesian island holiday destination☀BALI
77.9%
City located in the heel of ItalyBARI
77.4%
☀Small island, part of the UK's Channel Islands☀SARK
75.8%
Connect or attachJOIN
75.5%
☀Alternative spelling and name for island located between Ireland and Great Britain☀MANN
75.2%
____ de vivre, love of lifeJOIE
73.9%
Hannibal Lecter's bean of choiceFAVA
69.6%
☀Native of the islands of New Zealand☀KIWI
66.5%
☀St. ____, one of the US Virgin Islands☀JOHN
62.8%
Dame _____ Te Kanawa, operatic singerKIRI
60.9%
Mary's ovine friend probably does thisBAAS
57.1%
☀The most populous island on Earth☀JAVA
55.7%
A pre-Christian deity or an old testament demonBAAL
42.9%
☀Largest island in a lake on an island in a lake on an island; located on the Filipino island of Luzon☀TAAL
41.3%
Content or willing to obeyFAIN
18.4%
Warm mountainous windFOHN
16.9%
Thrust or poke, whilst fencing perhapsFOIN
16.2%

Today's Daily Dose

Word Ladder
'90s Movies

Quick Pick
'Fire' Movies

On This Day
June 19th II

You're not logged in!

Compare scores with friends on all Sporcle quizzes.
Join for Free
OR
Log In

You Might Also Like...

Show Comments

Extras

Top Quizzes Today


Score Distribution

Your Account Isn't Verified!

In order to create a playlist on Sporcle, you need to verify the email address you used during registration. Go to your Sporcle Settings to finish the process.

Report this User

Report this user for behavior that violates our Community Guidelines.

Details: